Suksmjiwan Vigyan (Record no. 439282)

000 -LEADER
fixed length control field 00330cam a22001217a 4500
008 - FIXED-LENGTH DATA ELEMENTS--GENERAL INFORMATION
fixed length control field 180718b1991 xxu||||| |||| 00| 0 eng d
020 ## - INTERNATIONAL STANDARD BOOK NUMBER
International Standard Book Number 81 85031 52 5
100 ## - MAIN ENTRY--PERSONAL NAME
Personal name Purohit, S.S.
245 ## - TITLE STATEMENT
Title Suksmjiwan Vigyan
Statement of responsibility, etc. by S.S.Purohit
260 ## - PUBLICATION, DISTRIBUTION, ETC.
Place of publication, distribution, etc. India
Name of publisher, distributor, etc. Agrro Betenical Publisher
Date of publication, distribution, etc. 1991
300 ## - PHYSICAL DESCRIPTION
Extent 318p.
650 ## - SUBJECT ADDED ENTRY--TOPICAL TERM
Topical term or geographic name entry element Suksmjiwan Vigyan
Holdings
Withdrawn status Lost status Damaged status Not for loan Permanent Location Current Location Date acquired Barcode Date last seen Price effective from Koha item type
        Indian Institute of Public Administration Indian Institute of Public Administration 2010-04-26 69020 2018-07-21 2018-07-21 Book

Powered by Koha